Top 50 Largest Country First-Level Subdivisions by Population - Statistics

General Stats
  • This quiz has been taken 73 times
  • The average score is 31 of 50
Answer Stats
Country Population Subdivision % Correct
United Kingdom 55,268,100 England
88%
United States 37,253,956 California
86%
India 227,920,005 Uttar Pradesh
85%
India 94,347,736 West Bengal
82%
Bangladesh 47,424,418 Dhaka
80%
China 111,690,000 Guangdong
80%
Pakistan 110,012,442 Punjab
78%
India 27,704,236 Punjab
78%
Brazil 46,018,035 São Paulo
74%
Indonesia 46,029,668 West Java
74%
Indonesia 38,529,481 East Java
72%
India 123,174,918 Maharashtra
72%
India 60,383,628 Gujarat
71%
China 59,020,000 Hubei
69%
India 77,881,463 Tamil Nadu
69%
India 31,169,272 Assam
68%
India 119,237,851 Bihar
66%
INdia 33,387,677 Kerala
66%
China 100,060,000 Shandong
66%
Indonesia 32,380,687 Central Java
65%
Bangladesh 28,423,019 Chittagong
65%
China 75,200,000 Hebei
65%
India 74,791,568 Rajasthan
65%
China 83,020,000 Sichuan
63%
China 68,600,000 Hunan
62%
India 78,492,606 Madhya Pradesh
62%
China 62,550,000 Anhui
60%
China 95,590,000 Henan
60%
China 48,010,000 Yunnan
60%
India 49,665,533 Andhra Pradesh
58%
China 37,890,000 Heilongjiang
58%
China 38,350,000 Shaanxi
58%
China 36,820,000 Shanxi
58%
Pakistan 47,886,051 Sindh
57%
China 39,110,000 Fujian
55%
China 80,290,000 Jiangsu
55%
India 66,076,021 Karnataka
55%
India 41,927,358 Odisha
55%
China 30,750,000 Chongqing
54%
China 26,260,000 Gansu
54%
China 27,170,000 Jilin
52%
China 43,690,000 Liaoning
52%
China 56,570,000 Zhejiang
52%
China 48,850,000 Guangxi
49%
India 35,193,978 Telangana
49%
India 32,966,238 Jharkhand
48%
China 46,220,000 Jiangxi
46%
Ethiopia 27,158,471 Oromia
43%
China 35,550,000 Guizhou
42%
Pakistan 35,525,047 Khyber Pakhtunkhwa
42%
No matching quizzes found
Score Distribution
Percent of People with Each Score
Percentile by Number Answered
Your Score History
You have not taken this quiz